00650nam a2200181Ia 4500952012900000999001700129003000400146005001700150008004100167040000900208082001700217100002800234245007200262260003800334300000900372650004700381942004000428 00102ddc40708ISLAMaMESbMEScISLd2019-02-20g45.00l0o297.2 IQB/Rp17888r2019-02-20 00:00:00w2019-02-20yBKzGL46R1 c22214d22214OSt20200515090735.0190216s9999||||xx |||||||||||||| ||und|| coclc a297.2bIQB/R a Iqbal, Mohammad 92279 4aThe Reconstruction Of Religious Thought In Islam /cMohammad Iqbal bKitab Bhavan, c1984.aNew Delhi: a205p 0aHistory & geographyvIslamic History92271 cBK2ddch297.2iIQB/Rk297.2mIQB/R